5HLuxD.jpg

KING HENRY VIII SENIOR AND PRIMARY SCHOOL LIBRARY OPAC

Microscopic monsters / (Record no. 4010)

000 -LEADER
fixed length control field 00844cam a2200277 a 4500
001 - CONTROL NUMBER
control field (Sirsi) a874034
003 - CONTROL NUMBER IDENTIFIER
control field OSt
005 - DATE AND TIME OF LATEST TRANSACTION
control field 20241210100241.0
008 - FIXED-LENGTH DATA ELEMENTS--GENERAL INFORMATION
fixed length control field 140917r20082001enka c 001 0 eng
020 ## - INTERNATIONAL STANDARD BOOK NUMBER
International Standard Book Number 9781407106137 (pbk.) :
040 ## - CATALOGING SOURCE
Original cataloging agency UKM
Language of cataloging eng
Transcribing agency UKM
Modifying agency BTCTA
-- YDXCP
-- OCLCO
-- OCLCF
-- TAE
-- KH8
042 ## - AUTHENTICATION CODE
Authentication code nbic
082 0# - DEWEY DECIMAL CLASSIFICATION NUMBER
Classification number 579 ARN
100 1# - MAIN ENTRY--PERSONAL NAME
Personal name Arnold, Nick.
Relator term Author
245 10 - TITLE STATEMENT
Title Microscopic monsters /
Statement of responsibility, etc. Nick Arnold ; illustrated by Tony De Saulles.
250 ## - EDITION STATEMENT
Edition statement New ed.
260 ## - PUBLICATION, DISTRIBUTION, ETC.
Place of publication, distribution, etc. London :
Name of publisher, distributor, etc. Scholastic,
Date of publication, distribution, etc. 2008.
300 ## - PHYSICAL DESCRIPTION
Extent 158 p. :
Other physical details ill. ;
Dimensions 20 cm.
490 1# - SERIES STATEMENT
Series statement Horrible science.
500 ## - GENERAL NOTE
General note Previous ed.: London: Hippo, 2001.
500 ## - GENERAL NOTE
General note Includes index.
650 #0 - SUBJECT ADDED ENTRY--TOPICAL TERM
Topical term or geographic name entry element Microorganisms
Form subdivision Juvenile literature.
700 1# - ADDED ENTRY--PERSONAL NAME
Personal name De Saulles, Tony.
Relator term illustrator
830 #0 - SERIES ADDED ENTRY--UNIFORM TITLE
Uniform title Horrible science.
942 ## - ADDED ENTRY ELEMENTS (KOHA)
Source of classification or shelving scheme
Koha item type Books - Non Ficton
Holdings
Withdrawn status Lost status Source of classification or shelving scheme Damaged status Not for loan Collection code Permanent Location Current Location Shelving location Date acquired Full call number Barcode Date last seen Price effective from Koha item type Public note Total Checkouts Date last checked out
          Non-Fiction KH8 Primary School Library KH8 Primary School Library Non Fiction 2024-12-10 579 ARN KHPL000004712 2025-12-05 2024-12-10 Books - Non Ficton KH8 PRIMARY LIBRARY    
          Non-Fiction KH8 Primary School Library KH8 Primary School Library Non Fiction 2024-12-10 579 ARN KHPL000006349 2025-12-05 2024-12-10 Books - Non Ficton KH8 PRIMARY LIBRARY 2 2025-09-17

Powered By KH8 IT Dept